000 00806cam a22002291 4500
001 5905357
003 ARRUPE
005 20160127113313.0
008 750804s1917 xx 000 0 eng
010 _a 17031878
035 _a(OCoLC)1509690
040 _aDLC
_cNmU
_dDLC
050 0 0 _aDT425
_b.L6
100 1 _aLorimer, Norma,
_d1864-1948.
_921844
245 1 0 _aBy the waters of Africa;
_bBritish East Africa, Uganda, and the great lakes,
_cby Norma Lorimer ... with introduction by Douglas Sladen.
260 _aLondon,
_bR. Scott,
_c1917.
300 _ax, 342 p.
_bfront., plates, fold. map.
_c22 cm.
651 0 _aAfrica, British East
_xDescription and travel.
_921845
651 0 _aUganda
_xDescription and travel.
_99477
906 _a7
_bcbc
_coclcrpl
_du
_encip
_f19
_gy-gencatlg
942 _2lcc
_cSPC
999 _c124051
_d124051